000 01235nam0a2200349 4500
001 RU\NLR\BIBL_A\022673033
005 20260302105921.0
010 _a978-5-6053975-8-8
_9200
021 _aRU
_bКН-П-25-062820
_9КН-П-25-6079
035 _a(NLR Aleph) 022673033
090 _a13555742
_c13555742
100 _a20251126d2025 u y0rusy50 ca
101 0 _arus
102 _aRU
105 _aa z 000gy
181 0 _ai
_baxxe
182 0 _an
200 1 _aАприориум
_e[поэзия]
_fМаргарита Аль
203 _aТекст
_bвизуальный
_cнепосредственный
210 _aМосква
_cWOW
_d2025
215 _a89, [1] с.
_cил.
_d21
225 1 _aИщи
_vкн. 3
300 _aКн. содерж. QR-код ссылки на электрон. версию
309 _aБез тит. л. Описано по обл.
320 _aДругие кн. авт. над вып. дан.
686 2 _aШ6(2=Р)8-5
700 1 _7ca
_8rus
_aАль
_bМ.
_f1959-
_gМаргарита
_9159514
_3RU\NLR\AUTH\770159555
942 _cBOOK
980 _aNB